[Event "Asian Nation Cup Open 2018"]
[Site "Hamedan"]
[Date "2018.07.31"]
[Round "4"]
[White "Sethuraman, S.P."]
[Black "Idani, Pouya"]
[Result "1/2-1/2"]
[WhiteElo "2657"]
[BlackElo "2583"]
[Annotator "TA"]
[PlyCount "107"]
[EventDate "2018.07.27"]
[EventType "swiss"]
[EventCountry "IRI"]
[SourceTitle "playchess.com"]
[Source "ChessBase"]
[SourceQuality "1"]
[WhiteTeam "India"]
[BlackTeam "Iran"]
[WhiteTeamCountry "IND"]
[BlackTeamCountry "IRI"]

{[%evp 20,107,15,8,18,-4,85,80,88,108,159,140,133,99,147,141,152,141,147,143,145,95,91,68,77,69,129,120,128,111,112,113,135,119,118,126,125,85,116,112,98,48,48,48,48,48,48,50,22,17,26,0,22,0,0,0,0,0,0,0,0,-9,-8,-9,0,0,0,0,0,0,0,0,0,0,0,0,0,0,0,0,0,0,0,0,0,0,0,0,0,0]} 1. e4 c5 2. Nf3 d6 3. d4 cxd4 4. Nxd4 Nf6 5. Nc3 a6 6. Be3 e5 7. Nb3 Be6 8. h3 {B90: Sicilian Najdorf: Unusual White 6th moves, 6 Be3 Ng4 and 6 Be3 e5} Nc6 9. Qf3 Nb4 10. O-O-O Rc8 11. Kb1 {LiveBook: 11 Games} h6 12. Be2 $146 ({Predecessor:} 12. Rg1 Be7 13. g4 Qc7 14. g5 hxg5 15. Bxg5 Qc6 {½-½ (40) Robson,N (2609)-Jonsson,D (2531) ICCF email 2014}) 12... d5 (12... Be7 $11) 13. exd5 $16 Nfxd5 14. Bd2 Qb6 (14... Qf6 $142) 15. Nxd5 Nxd5 16. Bd3 {Black must now prevent Ba5.} Nf6 17. Rhe1 Bd6 18. Ba5 Qc6 19. Qxc6+ Rxc6 20. Bc3 Rxc3 21. bxc3 Ke7 22. c4 b6 {[#]} (22... Rc8 $14) 23. f4 $1 exf4 24. Nd4 Bc5 25. c3 Bxd4 26. cxd4 {Hoping for d5.} Kd6 27. Rd2 b5 28. c5+ Kc7 29. Kb2 Nd5 30. Bc2 Ne3 {Threatening ...Nc4+.} 31. Bb3 Rd8 32. g3 g5 33. gxf4 gxf4 34. Kc3 Kc6 35. Bxe6 fxe6 {The position is equal.} 36. Rxe3 fxe3 $11 {[%mdl 4096] Endgame KR-KR} 37. Re2 {[#]} e5 $1 {[%mdl 512]} 38. dxe5 Kxc5 {aiming for ...b4+.} 39. Rxe3 Re8 40. Re4 Re6 41. Rh4 a5 42. Rh5 Kd5 43. Kb3 Kd4 44. Rh4+ Kd5 45. Rh5 Kc5 46. Kc3 Kd5 47. Kb3 Rxe5 48. Rxh6 Kc5 49. a4 b4 50. h4 Re3+ 51. Kb2 Rh3 52. Rh8 Rh2+ 53. Kb3 Rh3+ 54. Kb2 {Precision: White = 77%, Black = 55%.} 1/2-1/2

[Event "Asian Nation Cup Open 2018"]
[Site "Hamedan"]
[Date "2018.07.31"]
[Round "4"]
[White "Ganguly, Surya Shekhar"]
[Black "Firouzja, Alireza"]
[Result "1/2-1/2"]
[WhiteElo "2652"]
[BlackElo "2561"]
[Annotator "TA"]
[PlyCount "163"]
[EventDate "2018.07.27"]
[EventType "swiss"]
[EventCountry "IRI"]
[SourceTitle "playchess.com"]
[Source "ChessBase"]
[SourceQuality "1"]
[WhiteTeam "India"]
[BlackTeam "Iran"]
[WhiteTeamCountry "IND"]
[BlackTeamCountry "IRI"]

{[%evp 21,163,28,30,30,21,23,20,24,28,39,29,0,-5,-18,86,79,95,88,64,37,139,41,197,24,37,41,27,31,18,8,9,0,142,149,140,108,143,150,131,97,243,236,284,277,360,242,238,222,201,92,189,189,189,189,189,181,189,181,181,181,217,228,218,189,196,196,196,189,189,189,189,189,189,189,237,229,236,236,244,196,256,246,246,0,196,196,309,292,309,301,342,342,342,342,451,0,342,342,426,423,447,412,495,317,317,256,708,112,112,113,117,57,102,109,120,135,143,143,190,190,190,80,80,80,151,0,90,8,73,73,29960,72,71,8,8,8,56,0,8,0,56,8,55,0]} 1. e4 c5 2. Nf3 d6 3. d4 cxd4 4. Nxd4 Nf6 5. Nc3 a6 6. g3 e6 7. Bg2 Qc7 8. O-O Bd7 9. a4 Nc6 {[%cal Bb8c6,Bc6a5,Ba5b3,Bb3c1][%mdl 32]} 10. Nb3 Be7 11. f4 {[%cal Bf2f4,Bf4e5,Be5f6][%mdl 32] B47: Sizilianisch (Paulsen/Taimanow-Variante)} (11. a5 Ne5 12. f4 Nc4 13. Qe2 O-O 14. g4 h6 15. Kh1 Nh7 16. Rf3 g5 17. Rh3 Kg7 18. Qf2 Rae8 {½-½ (29) Baklan,V (2648)-De la Riva Aguado,O (2533) Sabadell 2007}) 11... Na5 {LiveBook: 9 Partien} 12. e5 dxe5 13. fxe5 {Die Stellung ist ausgeglichen.} Nxb3 14. exf6 Bc5+ 15. Kh1 {[#]} Nxc1 $146 ({Vorgänger:} 15... Nxa1 16. Bf4 Qb6 17. Ne4 O-O-O 18. fxg7 Rhg8 {0-1 (41) Wessendorf,T (2280)-Spraggett,K (2535) Brocco 1986}) 16. Ne4 g6 17. b4 Be3 (17... Nb3 $11 18. cxb3 Bxb4) 18. Ra3 $1 $16 {[%cal Ra3e3]} Bh6 19. Rc3 $1 {[%cal Rc3c7]} Bc6 {[#]} 20. b5 $1 {[%mdl 512]} axb5 (20... Rd8 $14 21. Qe1 axb5 22. axb5 Na2) 21. axb5 (21. Nd6+ $16 Kf8 22. Bxc6 bxc6 23. axb5) 21... O-O $2 ({Lieber} 21... Rd8 $14 22. Qe1 Na2) 22. bxc6 $2 (22. Qg4 $1 $18 {[%cal Rg4h4]} Na2 23. Qh4) 22... Na2 23. cxb7 Qxb7 24. Rb3 Qc7 25. g4 $40 {[%mdl 128] Weiss hat was vor.} Rfd8 26. Qe1 Qxc2 (26... Ra4 $11) 27. Rh3 $1 {[%cal Rh3h6]} Bc1 {[#]} 28. Nd6 $1 {[%mdl 512]} Qc7 (28... Rxd6 29. Bxa8) 29. Bxa8 Rxa8 30. Qe4 Rd8 (30... Rb8 $16) 31. Rd3 $18 Rb8 32. Qc4 $1 {[%cal Rc4c7]} Qa7 33. Rxc1 Nxc1 34. Qxc1 Qa2 {Droht stark ...Tb1.} 35. Rd1 (35. Rd2 $1 $18 {[%cal Rd2a2]} Qa8+ 36. Kg1) 35... Qe2 (35... Qa8+ $16 36. Kg1 Qf3) 36. Rf1 $1 h6 {( -> ...Tb2)} 37. Qc4 Qe5 38. Qc6 {Schwarz muss nun Sxf7! beachten.} ({Lieber nicht} 38. Qc7 Qd5+ 39. Kg1 Qd4+ 40. Kh1 (40. Kg2 {führt zum Matt.} Rb2+ 41. Kg3 Qe3+ 42. Rf3 Qe5+ 43. Rf4 Qe1+ 44. Kh3 Qe3+ 45. Rf3 Qxf3+ 46. Kh4 Rxh2#) 40... Qd5+ 41. Kg1 Qd4+ 42. Kh1 (42. Kg2 {wird mattgesetzt.} Rb2+ 43. Kg3 Qe3+ 44. Rf3 Qe5+ 45. Rf4 Qe1+ 46. Kh3 Qe3+ 47. Rf3 Qxf3+ 48. Kh4 Rxh2#) 42... Qd5+ $11) 38... Qe2 {[%cal Re2f1]} 39. Qf3 Qc2 40. Ne4 Rb3 41. Qg2 Qc7 42. Qd2 Qb7 43. Re1 $1 Kh7 44. Kg1 Rb2 45. Qd4 Rb4 46. Qe3 Rb3 47. Qf2 Rb2 48. Re2 Rb1+ 49. Kg2 Qb5 50. Qf3 {Und Sc3 würde nun gewinnen.} Qb6 (50... Rb3 $142 51. Re3 Rb2+ 52. Nf2 Qb6) 51. Qe3 Qb5 52. Qf3 $2 (52. Nc3 $18 Qb7+ 53. Qe4 Qxe4+ 54. Nxe4) 52... Rb3 $2 (52... Qb6 $1 $11 {und Schwarz ist OK.} 53. h4 Rb3) 53. Re3 Rb2+ (53... Rxe3 {war angesagt.} 54. Qxe3 g5) 54. Nf2 Qc5 55. h4 {[%cal Bh2h4,Bh4h5][%mdl 32]} Rb4 56. Rd3 Qc7 57. Rc3 Qe5 58. Re3 $2 (58. h5 $18) 58... Qd6 $2 {[%mdl 8192]} (58... Qc5 $1 $11 59. Rd3 Qa7) 59. Re4 Rb2 60. h5 Qd5 61. Rf4 Qg5 62. hxg6+ Qxg6 63. Kh3 Qb1 $2 (63... Qc2) 64. Qe4+ $2 (64. Nd3 $18 {ist der präzise Gewinnweg.} Rd2 65. Rd4) 64... Qxe4 $16 65. Nxe4 {[%mdl 4096] Endspiel KTS-KT} Kg6 66. Rf3 (66. Nc5 $1 $16) 66... Rb4 67. Nc5 h5 68. gxh5+ Kxh5 {[#]} 69. Nxe6 $1 {[%mdl 512]} Rb6 (69... fxe6 70. f7) 70. Nc5 {zielt auf Kg3 ab.} Rb4 71. Nd3 (71. Nd7 $18 {bietet bessere Gewinnchancen. Und weiter mit Se5 wäre nett.} Rb5 72. Rd3) 71... Re4 72. Nf2 Ra4 {[#]} ({Besser ist} 72... Re1 73. Kg2 Kg5) 73. Nd3 (73. Rd3 $142 $1) 73... Re4 $1 74. Rg3 ({Günstiger ist} 74. Nf4+ $16 Kg5 75. Nd5) 74... Rd4 (74... Rh4+ $11 75. Kg2 Rg4) 75. Ne5 {Tf3 ist eine echte Drohung.} Rh4+ 76. Kg2 Rf4 77. Nd7 (77. Nxf7 $16 Rxf6 78. Ne5) 77... Rg4 $11 78. Nc5 Rf4 79. Nd7 {Droht Tg7 und aus.} Rg4 80. Nc5 Rf4 81. Rf3 Kg4 82. Rg3+ {Precision: Weiß = 55%, Schwarz = 46%.} (82. Ra3 $14 Rxf6 83. Nd3) 1/2-1/2

[Event "Asian Nation Cup Open 2018"]
[Site "Hamedan"]
[Date "2018.07.31"]
[Round "4"]
[White "Maghsoodloo, Parham"]
[Black "Adhiban, B.."]
[Result "1/2-1/2"]
[WhiteElo "2636"]
[BlackElo "2671"]
[Annotator "TA"]
[PlyCount "74"]
[EventDate "2018.07.27"]
[EventType "swiss"]
[EventCountry "IRI"]
[SourceTitle "playchess.com"]
[Source "ChessBase"]
[SourceQuality "1"]
[WhiteTeam "Iran"]
[BlackTeam "India"]
[WhiteTeamCountry "IRI"]
[BlackTeamCountry "IND"]

{[%evp 10,74,21,26,18,24,17,28,8,-15,0,0,0,-27,-37,-25,0,0,18,14,2,-28,-38,-36,-34,-31,-38,-40,-43,-88,-39,-112,-35,-35,-35,-33,-38,-47,-29,-54,-6,-3,0,0,0,-3,-4,-95,-47,-51,-47,-42,-41,-40,0,-60,0,-59,-13,-6,-6,-6,-8,-8,12,12,12]} 1. Nf3 Nf6 2. c4 g6 3. d4 Bg7 4. g3 c5 5. Bg2 cxd4 6. Nxd4 {LiveBook: 448 Games. E60: King's Indian: Unusual lines and Fianchetto Variation without Nc3} h5 (6... O-O 7. O-O d5 8. cxd5 Nxd5 9. Nb3 e6 10. Nc3 Nc6 11. Bd2 Nxc3 12. Bxc3 Bxc3 13. bxc3 Qc7 14. c4 Rd8 15. Qc1 Bd7 16. Qe3 Ne7 17. Rfd1 Bc6 18. Rxd8+ Qxd8 19. Rc1 {½-½ (19) Mamedyarov,S (2809)-Grischuk,A (2767) Moscow 2018}) 7. Nc3 h4 8. c5 $146 ({Predecessor:} 8. Bg5 h3 9. Bf3 Nc6 10. Nxc6 bxc6 11. Qd2 Qa5 12. Rc1 Nh7 {0-1 (89) Bagaturov,G (2410)-Kovalenko,I (2642) Batumi 2018}) 8... Nc6 9. Nb3 b6 10. cxb6 axb6 11. Bf4 Bb7 12. Rc1 O-O 13. O-O Na5 {[%cal Bc6a5,Ba5b7,Bb7c5][%mdl 32]} 14. Bxb7 Nxb7 15. Nd5 d6 16. Bg5 hxg3 17. hxg3 Nxd5 18. Qxd5 Nc5 19. Rfd1 {[%cal Rb3c5]} Bxb2 20. Rb1 {[#]} (20. Nxc5 $15 Bxc1 21. Ne6) 20... Bg7 (20... Na4 $1 $17 {[%cal Ra4c3]} 21. Qf3 Qc7) 21. Nxc5 $15 bxc5 22. Rb7 e6 23. Qd2 Qc8 24. Rdb1 c4 {White must now prevent ...c3.} 25. Qxd6 c3 {[#] And now ...c2 would win.} ({Don't play} 25... Rxa2 26. Rc7 $17) 26. Rc7 Qa6 27. Qxa6 Rxa6 28. Be7 (28. a3 $11) 28... Re8 {Threatens to win with ...c2.} 29. Rbb7 Rxa2 {...Be5 is the strong threat.} 30. Bg5 Rf8 31. Be7 Re8 {aiming for ...Be5.} 32. Bg5 Rf8 33. Be7 $1 {[%cal Re7f8]} Be5 (33... Rfa8 $5 {[%cal Rg7e5]} 34. Bg5 Bd4 35. Rxf7 Rxe2 $15) 34. Rc5 {The position is equal.} Rxe2 {Strongly threatening ...Ra8.} 35. Bxf8 Kxf8 36. Rd7 Ke8 37. Kf1 Kxd7 {Precision: White = 62%, Black = 49%.} 1/2-1/2

[Event "Asian Nation Cup Open 2018"]
[Site "Hamedan"]
[Date "2018.07.31"]
[Round "4"]
[White "Nguyen, Ngoc Truong Son"]
[Black "Gholami, Aryan"]
[Result "1-0"]
[WhiteElo "2618"]
[BlackElo "2492"]
[Annotator "TA"]
[PlyCount "57"]
[EventDate "2018.07.27"]
[EventType "swiss"]
[EventCountry "IRI"]
[SourceTitle "playchess.com"]
[Source "ChessBase"]
[SourceQuality "1"]
[WhiteTeam "Vietnam"]
[BlackTeam "Iran"]
[WhiteTeamCountry "VIE"]
[BlackTeamCountry "IRI"]

{[%evp 19,57,10,47,22,51,14,2,0,30,28,60,67,68,0,132,127,134,118,146,133,138,151,226,225,336,322,335,320,327,329,329,318,306,243,549,546,29982,577,29983,29981]} 1. d4 Nf6 2. c4 g6 3. Nc3 d5 4. cxd5 Nxd5 5. e4 Nxc3 6. bxc3 Bg7 7. Nf3 c5 8. Be3 O-O 9. Qd2 b6 {D85: Exchange Grünfeld: Unusual White 7th moves and lines with 7 Nf3} (9... Qa5 10. Rc1 Nd7 11. d5 Nf6 12. c4 Qxd2+ 13. Nxd2 b6 14. h3 e6 15. Bd3 Re8 16. O-O Ba6 17. Bc2 exd5 18. exd5 b5 {0-1 (78) Akobian,V (2647)-Nepomniachtchi,I (2729) Riadh 2017}) 10. Rc1 Nd7 {LiveBook: 3 Games} 11. Bd3 Nf6 {The position is equal.} 12. O-O Bb7 13. e5 {[#]} Ne4 $146 ({Predecessor:} 13... Nd5 14. Bh6 cxd4 15. Bxg7 Kxg7 16. Nxd4 Rc8 17. Be4 Nxc3 18. Rxc3 Bxe4 {0-1 (35) Rojicek,V (2424)-Vovk,Y (2588) Slovakia 2014}) 14. Qc2 cxd4 15. cxd4 Rc8 16. Qa4 ({Better is} 16. Qb3 $14) 16... Rxc1 (16... Nc5 $11 {remains equal.} 17. dxc5 Bxf3) 17. Rxc1 $16 a5 18. Qc2 Qa8 19. Qb1 Bd5 20. Qxb6 Bxa2 (20... Rb8 $16 21. Qc7 Bf8) 21. Ra1 $18 Nc3 (21... Bd5 $142 22. Rxa5 Qb7 23. Qxb7 Bxb7) 22. Qb2 Rc8 {intending ...Bd5.} 23. Rc1 ({Don't play} 23. Rxa2 Nxa2 24. Qxa2 a4 $18) 23... a4 24. Rxc3 Rxc3 25. Qxc3 Bd5 26. Bc1 Bxf3 $2 {[#]} (26... e6 27. Ng5 Bf8) 27. gxf3 Qxf3 28. Qc8+ Bf8 29. Bh6 {Precision: White = 86%, Black = 29%.} 1-0

[Event "Asian Nation Cup Open 2018"]
[Site "Hamedan"]
[Date "2018.07.31"]
[Round "4"]
[White "Wen, Yang"]
[Black "Lorparizangeneh, Shahin"]
[Result "1-0"]
[WhiteElo "2599"]
[BlackElo "2493"]
[Annotator "TA"]
[PlyCount "81"]
[EventDate "2018.07.27"]
[EventType "swiss"]
[EventCountry "IRI"]
[SourceTitle "playchess.com"]
[Source "ChessBase"]
[SourceQuality "1"]
[WhiteTeam "China"]
[BlackTeam "Iran"]
[WhiteTeamCountry "CHN"]
[BlackTeamCountry "IRI"]

{[%evp 12,81,25,0,0,0,0,11,16,9,7,10,39,51,41,41,43,30,35,32,40,38,41,45,66,49,53,37,42,41,56,41,50,40,48,41,53,44,56,56,86,101,96,98,85,93,84,85,181,190,237,237,237,237,237,237,237,237,233,231,230,215,229,219,435,435,435,435,435,424,402,374]} 1. e4 c6 2. d4 d5 3. exd5 cxd5 4. Bd3 Nc6 5. c3 Nf6 6. h3 g6 7. Qc2 {LiveBook: 7 Games. B13: Caro-Kann: Exchange Variation and Panov-Botvinnik Attack} e5 8. dxe5 Nxe5 9. Be3 $146 {The position is equal.} ({Predecessor:} 9. Bb5+ Bd7 10. Bxd7+ Qxd7 11. Ne2 Bg7 12. Bf4 Nc6 13. O-O O-O 14. Qd3 Rad8 15. Rd1 Rfe8 16. Na3 a6 17. Nc2 Ne4 18. Re1 Nc5 19. Qd1 Ne6 20. Be3 d4 21. cxd4 Nexd4 {½-½ (21) Fedoseev,V (2724)-Shimanov,A (2641) chess.com INT 2018}) 9... Bg7 10. Nd2 O-O 11. Ngf3 Nc6 12. O-O Be6 13. Rad1 Rc8 14. Qb1 Qc7 15. Nb3 Rfe8 16. Rfe1 Na5 17. Nxa5 (17. Bxa7 Nxb3 18. axb3 b6 $17) 17... Qxa5 18. Bd4 Nh5 19. a3 Bxd4 20. Nxd4 Bd7 21. Be2 Nf4 22. Qc1 Qc7 23. Bf1 Re4 24. Rxe4 dxe4 25. Qe3 Re8 26. Nb5 Bxb5 27. Bxb5 Re7 28. Qxa7 e3 {[#]} 29. Qd4 $1 ({Reject} 29. fxe3 $6 Nxh3+ 30. Kf1 (30. gxh3 $2 Qg3+ 31. Kf1 Qf3+ 32. Ke1 Rxe3+ 33. Kd2 Qf2+ 34. Kc1 Rxc3+ 35. bxc3 Qxa7 $19) 30... Qg3 $11) 29... e2 (29... exf2+ $16 30. Qxf2 (30. Kxf2 Nxh3+ 31. Kf1 Ng5 $11) 30... h6) 30. Re1 $18 b6 31. h4 Qe5 32. Qxe5 ({But not} 32. Qxb6 $6 Qd5 $16) 32... Rxe5 {[%mdl 4096] Endgame [#] KRB-KRN} 33. a4 $1 Rd5 {aiming for ...Rd1.} 34. Bxe2 Rd2 35. Bc4 Rxb2 36. Re8+ Kg7 37. Re7 Ne6 $2 (37... Kh8 38. Rxf7 Ne2+ 39. Bxe2 Rxe2) 38. Bxe6 Kf6 39. Rxf7+ Kxe6 40. Rxh7 Ra2 41. Rb7 {Precision: White = 75%, Black = 49%.} 1-0

[Event "Asian Nation Cup Open 2018"]
[Site "Hamedan"]
[Date "2018.07.31"]
[Round "4"]
[White "Tabatabaei, M.Amin"]
[Black "Sasikiran, Krishnan"]
[Result "1-0"]
[WhiteElo "2590"]
[BlackElo "2666"]
[Annotator "TA"]
[PlyCount "119"]
[EventDate "2018.07.27"]
[EventType "swiss"]
[EventCountry "IRI"]
[SourceTitle "playchess.com"]
[Source "ChessBase"]
[SourceQuality "1"]
[WhiteTeam "Iran"]
[BlackTeam "India"]
[WhiteTeamCountry "IRI"]
[BlackTeamCountry "IND"]

{[%evp 21,119,18,32,20,16,16,29,34,27,25,8,12,23,14,33,0,39,33,29,29,35,39,38,37,78,80,78,76,76,64,65,4,6,4,10,0,0,0,0,2,10,10,12,10,18,12,38,22,24,19,35,33,25,18,30,27,146,91,147,145,146,128,140,0,0,0,0,0,12837,12837,12837,12838,12838,12839,12839,12839,12840,12840,12841,12841,12841,12842,12842,12843,12843,12843,12844,12843,12844,12844,12845,12845,12847,12847,12848,12848,12851,29984,29984,29985]} 1. d4 d5 2. c4 dxc4 3. e3 Nf6 4. Bxc4 e6 5. Nf3 c5 6. O-O a6 7. b3 cxd4 8. Nxd4 Bd7 9. Bb2 Nc6 10. Nd2 Be7 {D27: Queen's Gambit Accepted: Classical main line: 7 e4!? and 7 a4} 11. N4f3 O-O {LiveBook: 4 Games} 12. Qb1 $146 ({Predecessor:} 12. Rc1 Rc8 13. Qe2 Nb4 14. a3 b5 15. axb4 bxc4 16. Nxc4 Bxb4 {½-½ (58) Giri,A (2771)-Caruana,F (2823) London 2016}) 12... Qa5 {The position is equal.} 13. a3 Rad8 14. b4 Qh5 15. Ne4 Nxe4 16. Qxe4 Qg6 17. Qf4 Bc8 18. e4 Bd6 19. Qe3 Bb8 20. Rfd1 e5 21. Rxd8 Rxd8 22. Bd5 Ne7 23. Bxe5 Bxe5 24. Nxe5 Nxd5 25. exd5 (25. Nxg6 $2 Nxe3 26. Nf4 Nc2 $19) 25... Qh5 26. Re1 (26. Qc3 $14) 26... f6 $11 27. Nd3 {Hoping for Nf4.} Qxd5 28. Nf4 Qd6 29. h4 Bf5 30. Rc1 Qd2 (30... Bd7 {feels hotter.} 31. Qb3+ Kf8 32. Qg3 Kg8 33. Re1 Ba4) 31. Qxd2 Rxd2 {[%mdl 4096] Endgame KRB-KRN} 32. Rc5 Bd7 33. Rc7 b5 34. Ra7 Rd6 35. f3 Kf7 36. Kf2 g5 37. hxg5 fxg5 38. Ne2 g4 (38... Kg6 $11 {keeps the balance.}) 39. Nc3 (39. Ng3 $142) 39... gxf3 ({Black should try} 39... Ke8) 40. Ne4 $1 $16 {[%cal Re4d6]} ({Much weaker is} 40. Kxf3 $6 Rd3+ 41. Ke4 Rxc3 $11) 40... Rd5 41. Nc5 ({Much worse is} 41. Rxa6 $6 fxg2 42. Kxg2 h5 $11) 41... Ke8 42. Nxd7 (42. gxf3 $16 Rd1 43. Rxa6 (43. Nxd7 Rxd7 44. Rxa6 Kf7 $16)) 42... Rxd7 $11 43. Rxd7 Kxd7 44. Kxf3 $16 {K3P-K3P} Ke6 $2 {[%mdl 8192]} (44... a5 $11) 45. Kg4 $1 $18 {[%cal Rg4g5]} Kf6 46. Kh5 $1 {[%cal Rh5h6]} Kg7 47. Kg5 h6+ 48. Kf5 $1 {[%cal Rf5e4]} Kf7 {[#]} 49. Ke5 $1 {[%cal Re5d5]} Ke7 {[#]} 50. Kd5 $1 {[%cal Rd5c6]} Kd7 51. Kc5 Kc7 52. g4 Kb7 53. Kd6 Kb6 54. Ke6 Kc6 55. Kf6 Kd5 56. Kg6 Kc4 57. Kxh6 Kb3 58. g5 {[%cal Bg4g5,Bg5g6,Bg6g7][%mdl 32]} Kxa3 59. g6 Kxb4 60. g7 {Precision: White = 71%, Black = 48%.} 1-0

[Event "Asian Nation Cup Open 2018"]
[Site "Hamedan"]
[Date "2018.07.31"]
[Round "4"]
[White "Xu, Xiangyu"]
[Black "Darini, Pouria"]
[Result "0-1"]
[WhiteElo "2585"]
[BlackElo "2463"]
[Annotator "TA"]
[PlyCount "62"]
[EventDate "2018.07.27"]
[EventType "swiss"]
[EventCountry "IRI"]
[SourceTitle "playchess.com"]
[Source "ChessBase"]
[SourceQuality "1"]
[WhiteTeam "China"]
[BlackTeam "Iran"]
[WhiteTeamCountry "CHN"]
[BlackTeamCountry "IRI"]

{[%evp 10,61,50,40,66,62,68,53,66,27,70,44,109,125,218,89,85,93,92,85,87,41,53,39,42,40,40,0,0,-32,-16,-45,-34,-24,-23,-118,-13,-9,-9,-8,-12,-12,-15,-343,-320,-643,-642,-995,-968,-29994,-29995,-29995,-29996,-29999]} 1. Nf3 Nf6 2. c4 g6 3. Nc3 d5 4. cxd5 Nxd5 5. h4 Nc6 6. d4 {LiveBook: 5 Partien. A16: Englische Eröffnung} Bg4 $146 ({Vorgänger:} 6... Bf5 7. Qb3 Nxc3 8. bxc3 Na5 9. Qa4+ c6 10. c4 Bg7 11. Bd2 b6 12. Bxa5 bxa5 13. Qxc6+ {½-½ (23) Potkin,V (2594)-Li,C (2720) Fufeng 2017}) 7. e4 Nxc3 8. bxc3 {Weiß steht etwas besser.} Bg7 9. Be2 h6 10. Be3 Nb8 (10... Na5 $14) 11. Qb3 $16 {Droht stark Se5.} Nd7 {[#]} (11... O-O $16) 12. Ng5 ({Keinesfalls} 12. Qxb7 $6 O-O) (12. Bc4 $1 $18 {[%cal Rc4f7] ist der präzise Gewinnweg.} O-O 13. Nh2 (13. Qxb7 c5 $16)) 12... hxg5 13. Bxg4 Nf6 14. Bf3 g4 15. Be2 Nxe4 16. Qxb7 Nf6 17. Qc6+ Kf8 18. Rb1 Bh6 19. Kd2 Rb8 20. Kc2 Rb6 21. Rxb6 axb6 22. Rf1 (22. f4 $11) 22... Kg7 (22... Bxe3 $17 23. fxe3 Rxh4) 23. Bg5 $11 Bxg5 24. hxg5 Nd5 $36 {[%mdl 2048] Schwarz hat gut koordiniertes Spiel.} 25. Bxg4 Rh4 26. Qd7 $2 {[%mdl 8192]} (26. Bf3 $1 $11 e6 27. Bxd5 exd5 28. f4) 26... Qa8 $19 27. Kb3 $2 (27. Kb2 Qa6 28. Rc1) 27... Qa5 28. Rc1 {[#]} Rh1 $1 {[%mdl 512]} 29. Rc2 (29. Rxh1 Qxc3+) 29... Rb1+ {Schwarz setzt Matt.} 30. Kc4 Nf4 31. d5 Qc5# {Precision: Weiß = 25%, Schwarz = 60%.} 0-1

[Event "Asian Nation Cup Open 2018"]
[Site "Hamedan"]
[Date "2018.07.31"]
[Round "4"]
[White "Ghaem Maghami, Ehsan"]
[Black "Lu, Shanglei"]
[Result "1/2-1/2"]
[WhiteElo "2537"]
[BlackElo "2629"]
[Annotator "TA"]
[PlyCount "31"]
[EventDate "2018.07.27"]
[EventType "swiss"]
[EventCountry "IRI"]
[SourceTitle "playchess.com"]
[Source "ChessBase"]
[SourceQuality "1"]
[WhiteTeam "Iran"]
[BlackTeam "China"]
[WhiteTeamCountry "IRI"]
[BlackTeamCountry "CHN"]

{[%evp 17,18,0,6]} 1. e4 e6 2. d4 d5 3. exd5 exd5 4. Nf3 Nf6 5. Bg5 Bd6 6. Bd3 O-O 7. O-O Bg4 8. Nbd2 Nbd7 9. c3 c6 {Predecessor:} 10. Qc2 $146 h6 11. Bh4 Qc7 12. Rae1 Bxf3 13. Nxf3 Rfe8 14. Bg3 Bxg3 15. hxg3 Kf8 16. Bf5 {½-½ (16) Nepomniachtchi,I (2757)-Meier,G (2628) Jerusalem 2018} 1/2-1/2

[Event "Asian Nation Cup Open 2018"]
[Site "Hamedan"]
[Date "2018.07.31"]
[Round "4"]
[White "Pourramezanali, Amirreza"]
[Black "Zhou, Jianchao"]
[Result "0-1"]
[WhiteElo "2537"]
[BlackElo "2621"]
[Annotator "TA"]
[PlyCount "72"]
[EventDate "2018.07.27"]
[EventType "swiss"]
[EventCountry "IRI"]
[SourceTitle "playchess.com"]
[Source "ChessBase"]
[SourceQuality "1"]
[WhiteTeam "Iran"]
[BlackTeam "China"]
[WhiteTeamCountry "IRI"]
[BlackTeamCountry "CHN"]

{[%evp 23,72,0,0,0,7,-16,0,0,20,9,15,0,-7,-12,-11,-14,-13,-17,-9,-8,-12,-35,-52,-68,0,-24,-21,-10,-10,-78,-21,-44,-62,-58,-65,-68,-47,-43,-43,-430,-418,-656,-656,-647,-637,-6837,-5916,-2971,-2648,-29984,-29985]} 1. e4 c5 2. c3 Nf6 3. e5 Nd5 4. Nf3 e6 5. d4 cxd4 6. cxd4 d6 7. Bc4 Be7 8. O-O Nc6 9. Bd2 O-O 10. Nc3 dxe5 11. dxe5 Nxc3 {B22: Sicilian: 2 c3} 12. Bxc3 b6 {LiveBook: 19 Games} 13. Bd3 Bb7 {[#] The position is equal.} 14. Qb1 $146 ({Predecessor:} 14. Qc2) 14... g6 15. Be4 a5 16. h4 Ra7 17. h5 {[%cal Rh5g6]} Nb4 18. Bxb4 axb4 19. Rd1 Qa8 20. Bxb7 Qxb7 21. Qc1 Qe4 22. Rd4 Qf5 23. hxg6 fxg6 (23... hxg6 $15 24. Qh6 Rfa8) 24. Qd2 Bc5 25. Rd8 Raf7 26. Rd1 (26. Rf1 $11 {remains equal.}) 26... Qg4 (26... Rxd8 $17 27. Qxd8+ Kg7) 27. Qe2 h5 {[#] And now ...h4 would win.} 28. Rxf8+ Rxf8 29. Rc1 g5 $1 {[%cal Bg6g5,Bg5g4,Bg4g3][%mdl 32]} 30. Rc4 Qf5 31. Qc2 $2 {[%mdl 8192] [#]} (31. Nd4 $1 $15 Qg6 32. b3) 31... g4 $1 $19 32. Nd4 (32. Qxf5 $142 Rxf5 33. Nd2) 32... Qxc2 33. Nxc2 g3 34. Kf1 Rxf2+ 35. Ke1 Rxg2 36. Nxb4 Rxb2 {Precision: White = 32%, Black = 77%.} 0-1